| 000 | 00833 a2200205 4500 | ||
|---|---|---|---|
| 003 | Nust | ||
| 005 | 20170207153457.0 | ||
| 010 | _a04017196 | ||
| 040 | _cNust | ||
| 082 | _a920 | ||
| 100 | _aStephens, William Richard Wood, | ||
| 245 |
_aThe life and letters of Edward A. Freeman, _bD.C.L., LL. D. _cW.R.W. Stephens |
||
| 260 |
_aLondon, New York _bMacmillan and Co _c1895 |
||
| 300 |
_ax, 435 p _b3 port. (incl. fronts.) 3 facsim _c21 cm |
||
| 440 | _vVol -1 | ||
| 505 | _aChildhood And School Life (Page-1), Life At Oxford (Page-43), Freeman’s Home At Oaklands (Page-101), Settles At Lanrumney Hall (Page-175), Settlement At Somerleaze (Page-247), Unsuccessful Attempt To Get Into Parliament (Page-348). | ||
| 538 | _aAlmirah No.60 Shelf No.4 | ||
| 600 | _aStephens, William Richard Wood, | ||
| 650 | _aBiography of Edward A. Freeman | ||
| 942 | _cBVOL | ||
| 999 |
_c187151 _d187151 |
||